| 000 | 00623nam a2200229Ia 4500 | ||
|---|---|---|---|
| 003 | OSt | ||
| 005 | 20220928102251.0 | ||
| 006 | a|||||r|||| 00| 0 | ||
| 007 | ta | ||
| 008 | 220927b |||||||| |||| 00| 0 eng d | ||
| 024 | _a61467 | ||
| 037 | _cTextual | ||
| 040 |
_aSDCL _cSDCL _beng |
||
| 041 |
_2eng _aeng |
||
| 082 | _aO152:g, N6 | ||
| 100 |
_aIsser Davender _9397512 |
||
| 245 | 0 |
_aUtter adhunikta _bsahitye aur sanskriti ki nai soch. |
|
| 260 |
_aDelh _bInderpresth Prakashan _c1996 |
||
| 300 |
_a152p _ccm. |
||
| 942 |
_hO152:g, N6 _cTEXL _2CC |
||
| 999 |
_c713311 _d713311 |
||